Pays à 3 syllabes commençant par la lettre A - Statistiques

Statistiques générales
  • Ce quiz a été pris 79 fois
  • Le résultat moyen est 6 sur 7
Statistiques - réponses
Hint Réponse % Correct
A Algérie
90%
A Albanie
86%
A Allemagne
83%
A Arménie
83%
A Australie
79%
A Angola
74%
A Argentine
66%
Aucun quiz correspondant
Distribution des résultats
% des personnes avec chaque résultat
Percentile par nombre de réponses
Votre historique - résultats
Vous n’avez pas pris ce quiz